| Tag |
First Indicator |
Second Indicator |
Subfields |
| LEADER |
00000cam a2200000 i 4500 |
| 001 |
in00004026713 |
| 005 |
20181023091907.0 |
| 008 |
171214t20182018cau 000 0 eng |
| 010 |
|
|
|a 2017058415
|
| 020 |
|
|
|a 9781589485167
|q paperback
|
| 020 |
|
|
|a 1589485165
|q paperback
|
| 035 |
|
|
|a (OCoLC)on1019836459
|
| 040 |
|
|
|a DLC
|e rda
|c DLC
|d UtOrBLW
|
| 049 |
|
|
|a TXAM
|
| 050 |
0 |
0 |
|a HV7936.C88
|b G675 2018
|
| 082 |
0 |
0 |
|a 363.250285
|2 23
|
| 100 |
1 |
|
|a Gorr, Wilpen L.,
|e author.
|0 http://id.loc.gov/authorities/names/n85387845
|
| 245 |
1 |
0 |
|a GIS tutorial for crime analysis /
|c Wilpen L. Gorr, Kristen S. Kurland, Zan M. Dodson.
|
| 250 |
|
|
|a Second edition.
|
| 264 |
|
1 |
|a Redlands, California :
|b Esri Press,
|c [2018]
|
| 264 |
|
4 |
|c ©2018
|
| 300 |
|
|
|a xi, 348 pages :
|b illustrations, maps ;
|c 26 cm.
|
| 336 |
|
|
|a text
|b txt
|2 rdacontent
|
| 337 |
|
|
|a unmediated
|b n
|2 rdamedia
|
| 338 |
|
|
|a volume
|b nc
|2 rdacarrier
|
| 500 |
|
|
|a Earlier edition published: 2012.
|
| 505 |
0 |
|
|a Introducing GIS for police work -- Exploring ArcGIS desktop -- Using crime maps -- Building crime maps -- Querying crime maps -- Assembling jurisdiction feature classes -- Geocoding crime incident data -- Automating crime mapping -- Predictive policing for crime hot spots.
|
| 630 |
0 |
0 |
|a ArcGIS.
|0 http://id.loc.gov/authorities/names/n2001007548
|
| 650 |
|
0 |
|a Crime analysis
|x Data processing.
|
| 650 |
|
0 |
|a Geographic information systems.
|0 http://id.loc.gov/authorities/subjects/sh90001880
|
| 650 |
|
0 |
|a Digital mapping.
|0 http://id.loc.gov/authorities/subjects/sh85037980
|
| 700 |
1 |
|
|a Kurland, Kristen Seamens,
|d 1966-
|e author.
|0 http://id.loc.gov/authorities/names/n2005038735
|
| 700 |
1 |
|
|a Dodson, Zan M.,
|e author.
|0 http://id.loc.gov/authorities/names/n2017074182
|
| 945 |
|
|
|b 594712
|
| 947 |
|
|
|a A14850484115
|
| 948 |
|
|
|a cataloged
|b h
|c 2018/6/12
|d c
|e dmitchel
|f 2:50:40 pm
|
| 994 |
|
|
|a C0
|b TXA
|
| 999 |
f |
f |
|s 21a9bcd6-c256-3bcb-a977-ad8675803173
|i ac7bf483-61c6-34d3-829c-530097352590
|t 0
|
| 952 |
f |
f |
|p normal
|a Texas A&M University
|b College Station
|c Sterling C. Evans Library
|d Evans: Maps (2nd floor)
|t 0
|e HV7936.C88 G675 2018
|h Library of Congress classification
|i unmediated -- volume
|m A14850484115
|
| 998 |
f |
f |
|a HV7936.C88 G675 2018
|t 0
|l Evans: Maps (2nd floor)
|